In the sylvan shadows / (Record no. 23047)

MARC details
000 -LEADER
fixed length control field 00748cam a2200265 4500
001 - CONTROL NUMBER
control field 1722460
003 - CONTROL NUMBER IDENTIFIER
control field BDDh-ASL
005 - DATE AND TIME OF LATEST TRANSACTION
control field 20231015030205.0
008 - FIXED-LENGTH DATA ELEMENTS--GENERAL INFORMATION
fixed length control field 730927s1971 bg ab b 001 0 eng
010 ## - LIBRARY OF CONGRESS CONTROL NUMBER
LC control number 72907279
040 ## - CATALOGING SOURCE
Original cataloging agency DLC
Transcribing agency DLC
Modifying agency DLC
-- BDDh-ASL
043 ## - GEOGRAPHIC AREA CODE
Geographic area code a-bg---
050 00 - LIBRARY OF CONGRESS CALL NUMBER
Classification number GN635.B33
Item number S27
082 00 - DEWEY DECIMAL CLASSIFICATION NUMBER
Classification number 301.5492
Item number SAI
100 1# - MAIN ENTRY--PERSONAL NAME
Personal name Sattar, Abdus,
Dates associated with a name 1949-
245 10 - TITLE STATEMENT
Title In the sylvan shadows /
260 ## - PUBLICATION, DISTRIBUTION, ETC.
Place of publication, distribution, etc. [Dacca:
Name of publisher, distributor, etc. Saquib Bros.,
Date of publication, distribution, etc. 1971]
300 ## - PHYSICAL DESCRIPTION
Extent xii, 349 p.
Other physical details illus., maps.
Dimensions 23 cm.
350 ## - PRICE (NR) (BK AM CF MU VM SE) [OBSOLETE]
Price Tk20.00
504 ## - BIBLIOGRAPHY, ETC. NOTE
Bibliography, etc. note Bibliography: p. [327]-335.
650 #0 - SUBJECT ADDED ENTRY--TOPICAL TERM
Topical term or geographic name entry element Ethnology
Geographic subdivision Bangladesh.
651 #0 - SUBJECT ADDED ENTRY--GEOGRAPHIC NAME
Geographic name Bangladesh
General subdivision Social life and customs.
906 ## - LOCAL DATA ELEMENT F, LDF (RLIN)
a 7
b cbc
c orignew
d 4
e ncip
f 19
g y-gencatlg
942 ## - ADDED ENTRY ELEMENTS (KOHA)
Source of classification or shelving scheme Dewey Decimal Classification
Koha item type Books
Holdings
Withdrawn status Lost status Source of classification or shelving scheme Damaged status Not for loan Collection code Home library Current library Shelving location Date acquired Source of acquisition Total Checkouts Full call number Barcode Date last seen Copy number Price effective from Koha item type
    Dewey Decimal Classification     Non-fiction Asiatic Society Library Asiatic Society Library General Stacks 03/11/2021 ASB Collection   301.5492 SAI 107432 03/11/2021 C-1 03/11/2021 Books
    Dewey Decimal Classification     Non-fiction Asiatic Society Library Asiatic Society Library General Stacks 03/11/2021 ASB Collection   301.5492 SAI 107433 03/11/2021 C-2 03/11/2021 Books
    Dewey Decimal Classification     Non-fiction Asiatic Society Library Asiatic Society Library General Stacks 06/23/2021 Donated by A. K. M. Azizul Haq and Prof. Husniara Haq   301.5492 SAI 109871 06/23/2021 C-3 06/23/2021 Books

Powered by Koha